000
00231nam a2200097Ia 4500
008
220204s9999 xx 000 0 und d
082
_a
159.9
_b
SHE
100
_a
Sherman, Harold
245
0
_a
How to make ESP work for you
942
_c
BK
999
_c
33489
_d
33489